ARRUPE JESUIT UNIVERSITY

CORONAVIRUS -STOP THE SPREAD - CLEAN,DISINFECT,COVER
Normal view MARC view

Entry Corporate Name

Number of records used in: 1

001 - CONTROL NUMBER

  • control field: 48800

003 - CONTROL NUMBER IDENTIFIER

  • control field: ARRUPE

005 - DATE AND TIME OF LATEST TRANSACTION

  • control field: 20191126104121.0

008 - FIXED-LENGTH DATA ELEMENTS

  • fixed length control field: 191126|| aca||aabn | a|a d

040 ## - CATALOGING SOURCE

  • Original cataloging agency: ARRUPE
  • Transcribing agency: ARRUPE

110 ## - HEADING--CORPORATE NAME

  • Corporate name or jurisdiction name as entry element: Southern African Development Community.
  • Subordinate unit: Food Security, Technical and Administrative Unit.

670 ## - SOURCE DATA FOUND

  • Source citation: Work cat.: (ARRUPE)0: Thompson, Carol B. 31927, Drought management strategies in southern Africa /, [1993]

 

Arrupe Library. PO Box MP320 Mt Pleasant, Harare, Zimbabwe
263 242 745411|librarian@aju.ac.zw